Statistics for Countries with embassies and consulates in Mali

Click here to take the quiz!

General Stats

  • This quiz has been taken 40 times
  • The average score is 30 of 34

Answer Stats

ContinentCountry% Correct
North AmericaCanada
100%
AsiaChina
100%
EuropeFrance
100%
EuropeUnited Kingdom
100%
AfricaAlgeria
97%
South AmericaBrazil
97%
North AmericaCuba
97%
AfricaEgypt
97%
EuropeGermany
97%
AsiaIndia
97%
AfricaNigeria
97%
Asia/ EuropeRussia
97%
Asia/ EuropeTurkey
97%
North AmericaUnited States of America
97%
AfricaLibya
94%
Europethe Netherlands
94%
AsiaJapan
91%
AfricaMorocco
91%
AfricaSouth Africa
91%
EuropeSpain
91%
AfricaGhana
88%
EuropeSweden
84%
AfricaTunisia
84%
AfricaBurkina Faso
81%
EuropeDenmark
81%
AfricaSenegal
81%
EuropeNorway
78%
AfricaGuinea
75%
AsiaIran
75%
AfricaIvory Coast
75%
AsiaSaudi Arabia
72%
South AmericaVenezuela
72%
AfricaMauritania
63%
AsiaPalestine
31%

Score Distribution

Percentile by Number Answered

Percent of People with Each Score

Your Score History

You have not taken this quiz